00754nam a2200205 a 4500008004100000020001500041050002300056100002000079245013300099260004000232300002000272350000900292490004500301500002900346650004600375650003400421650005600455700001700511700002000528060512s2004 ||||||||||||||||| || u a0821357697 aIBRD(06)RSS/2004/5 aHoddinott, John10aTargeting of transfers in Developing Countries: review of lessons and experiencecDavid Coady, Margaret Grosh and John Hoddinott aWashington, D. C.bWorld Bankc2004 axi; 109p.; ill. a0.00 aWorld Bank Regional and Sectoral Studies aaccompanied with a C. D. 0aDEVELOPING COUNTRIES--ECONOMIC CONDITIONS aPOVERTY--DEVELOPING COUNTRIES aECONOMIC ASSISTANCE, DOMESTIC--DEVELOPING COUNTRIES aCoady, David aGrosh, Margaret